A Beautiful Wall Quiz - Statistics

General Stats
  • This quiz has been taken 14,017 times
  • The average score is 13 of 20
Answer Stats
Question Answer % Correct
Who promised to build a wall on the US-Mexico border, and to make Mexico pay for it? Donald Trump
99%
What city was divided by a wall from 1961–1989? Berlin
98%
What wall was built to protect China from invaders? Great Wall of China
98%
What city's Wall Street is a major financial center? New York City
97%
What type of "wall" is meant to protect a computer network from hackers? Firewall
90%
In what city would you find the Western Wall, often known as the Wailing Wall? Jerusalem
81%
What Roman wall was built in northern England? {Hadrian}'s Wall
76%
What animal is like a wallaby, but larger? Kangaroo
69%
What rock band released a double album entitled simply "The Wall" in that same year? Pink Floyd
66%
What song starts "Today is gonna be the day / That they're gonna throw it back to you"? Wonderwall
63%
What is the Waldorf Astoria? a Hotel
60%
What slang term refers to a person who doesn't dance at a party? Wallflower
59%
In the Bible, what city's walls were blown down by Joshua's trumpets? Jericho
56%
What country is Wallonia a part of? Belgium
54%
What county is found at the far southwestern extremity of England? Cornwall
54%
Kowloon Walled City was a former slum with a population of 50,000 people in less than 0.03 square kilometers. In what territory was it located? Hong Kong
53%
What country is Wallachia a part of? Romania
43%
What is a walleye? a Type of Fish
41%
What singer released the album "Off the Wall" in 1979? Michael Jackson
41%
In what city would you find the Aurelian Walls? Rome
36%
No matching quizzes found
Score Distribution
Percent of People with Each Score
Percentile by Number Answered
Your Score History
You have not taken this quiz